|
|
|
|
| LEADER |
03630nam a2200745 4500 |
| 001 |
ocn900724955 |
| 003 |
OCoLC |
| 005 |
20190103103609.0 |
| 006 |
m o d |
| 007 |
cr cnu---unuuu |
| 008 |
150126s2015 nju ob 101 0 eng d |
| 040 |
|
|
|a N$T
|b eng
|e rda
|e pn
|c N$T
|d N$T
|d OCLCO
|d IDEBK
|d CDX
|d COO
|d OCLCF
|d OCLCO
|d OCLCA
|d EBLCP
|d DEBSZ
|d OCLCO
|d YDXCP
|d OCL
|d OCLCO
|d OCLCQ
|d ZCU
|d OCLCQ
|d MERUC
|d OCLCQ
|d TEF
|d NJR
|d GZM
|d UPM
|d I9W
|d DEBBG
|d OCLCQ
|d E7B
|d K6U
|d COCUF
|d CCO
|d PIFFA
|d FVL
|d U3W
|d OCLCQ
|d ICG
|d VTS
|d AU@
|d OCLCQ
|d GrThAP
|
| 066 |
|
|
|c (S
|
| 019 |
|
|
|a 902417501
|a 903974476
|a 961518126
|a 962685709
|
| 020 |
|
|
|a 9781119040347
|q (electronic bk.)
|
| 020 |
|
|
|a 1119040345
|q (electronic bk.)
|
| 020 |
|
|
|a 9781322881683
|q (MyiLibrary)
|
| 020 |
|
|
|a 1322881685
|q (MyiLibrary)
|
| 020 |
|
|
|a 9781119040323
|q (electronic bk.)
|
| 020 |
|
|
|a 1119040329
|q (electronic bk.)
|
| 020 |
|
|
|z 9781119040279
|
| 020 |
|
|
|z 1119040272
|
| 024 |
7 |
|
|a 10.1002/9781119040323
|2 doi
|
| 029 |
1 |
|
|a DEBBG
|b BV042990665
|
| 029 |
1 |
|
|a DEBBG
|b BV044072453
|
| 029 |
1 |
|
|a DEBSZ
|b 431874794
|
| 029 |
1 |
|
|a DEBSZ
|b 475038533
|
| 029 |
1 |
|
|a CHVBK
|b 503247294
|
| 029 |
1 |
|
|a CHNEW
|b 000973151
|
| 029 |
1 |
|
|a GBVCP
|b 1014965500
|
| 029 |
1 |
|
|a AU@
|b 000056063099
|
| 035 |
|
|
|a (OCoLC)900724955
|z (OCoLC)902417501
|z (OCoLC)903974476
|z (OCoLC)961518126
|z (OCoLC)962685709
|
| 037 |
|
|
|a 719450
|b MIL
|
| 050 |
|
4 |
|a TA455.C43
|
| 072 |
|
7 |
|a TEC
|x 009000
|2 bisacsh
|
| 072 |
|
7 |
|a TEC
|x 035000
|2 bisacsh
|
| 082 |
0 |
4 |
|a 620.14
|2 23
|
| 049 |
|
|
|a MAIN
|
| 111 |
2 |
|
|a International Conference on Advanced Ceramics and Composites
|n (38th :
|d 2014 :
|c Daytona Beach, Fla.),
|j creator.
|
| 245 |
1 |
0 |
|a Ceramic materials for energy applications IV /
|c edited by Hua-Tay Lin, Yutai Katoh, Josef Matyáš.
|
| 264 |
|
1 |
|a Hoboken, New Jersey :
|b John Wiley & Sons,
|c [2015]
|
| 300 |
|
|
|a 1 online resource.
|
| 336 |
|
|
|a text
|b txt
|2 rdacontent
|
| 337 |
|
|
|a computer
|b c
|2 rdamedia
|
| 338 |
|
|
|a online resource
|b cr
|2 rdacarrier
|
| 490 |
1 |
|
|a Ceramic engineering and science proceedings ;
|v volume 35, issue 7
|
| 500 |
|
|
|a Selected conference papers.
|
| 588 |
0 |
|
|a Print version record.
|
| 504 |
|
|
|a Includes bibliographical references and index.
|
| 520 |
|
|
|a A collection of 14 papers from The American Ceramic Society's 38th International Conference on Advanced Ceramics and Composites, held in Daytona Beach, Florida, January 26-31, 2014. This issue includes papers presented in Symposia 6 - Advanced Materials and Technologies for Energy Generation, Conversion, and Rechargeable Energy Storage and Symposium 13 - Advanced Ceramics and Composites for Sustainable Nuclear Energy and Fusion Energy.
|
| 650 |
|
0 |
|a Ceramic materials
|v Congresses.
|
| 650 |
|
0 |
|a Energy industries
|v Congresses.
|
| 650 |
|
7 |
|a TECHNOLOGY & ENGINEERING
|x Engineering (General)
|2 bisacsh
|
| 650 |
|
7 |
|a TECHNOLOGY & ENGINEERING
|x Reference.
|2 bisacsh
|
| 650 |
|
7 |
|a Ceramic materials.
|2 fast
|0 (OCoLC)fst00850974
|
| 650 |
|
7 |
|a Energy industries.
|2 fast
|0 (OCoLC)fst00910110
|
| 655 |
|
7 |
|a Conference papers and proceedings.
|2 fast
|0 (OCoLC)fst01423772
|
| 655 |
|
4 |
|a Electronic books.
|
| 700 |
1 |
|
|a Lin, Hua-Tay,
|e editor.
|
| 700 |
1 |
|
|a Katoh, Yutai,
|e editor.
|
| 700 |
1 |
|
|a Matyáš, Josef,
|e editor.
|
| 776 |
0 |
8 |
|i Print version:
|a International Conference on Advanced Ceramics and Composites (38th : 2014 : Daytona Beach, Florida), creator.
|t Ceramic materials for energy applications IV
|z 9781119040279
|w (OCoLC)897445236
|
| 830 |
|
0 |
|a Ceramic engineering and science proceedings ;
|v volume 35, issue 7.
|
| 856 |
4 |
0 |
|u https://doi.org/10.1002/9781119040323
|z Full Text via HEAL-Link
|
| 994 |
|
|
|a C0
|b DG1
|